[Event "USA U16 K8 op"]
[Site "Grapevine"]
[Date "2019.04.26"]
[Round "2"]
[White "Sheshappa, Sameeth"]
[Black "Polavaram, Rithik S"]
[Result "0-1"]
[WhiteElo "1573"]
[BlackElo "2017"]
[PlyCount "126"]
[EventDate "2019.04.26"]
[EventType "swiss"]
[EventRounds "7"]
[EventCountry "USA"]
[SourceTitle "CBM 190 Extra"]
[Source "ChessBase"]
[SourceDate "2019.07.15"]
[SourceVersion "1"]
[SourceVersionDate "2019.07.15"]
[SourceQuality "1"]

1. d4 Nf6 2. Bg5 e6 3. e4 h6 4. Bxf6 Qxf6 5. c3 d6 6. Bd3 g6 7. Ne2 Bg7 8. Nd2 0-0 9. 0-0 Qe7 10. f4 f5 11. e5 b6 12. Qe1 Bb7 13. Qg3 Kh7 14. Nf3 Nd7 15. h3 Bh8 16. Kh2 Be4 17. Bxe4 fxe4 18. Nd2 d5 19. Qe3 c5 20. a3 c4 21. g3 Rf7 22. Rf2 Raf8 23. Raf1 Nb8 24. Kg2 Nc6 25. Kh2 Bg7 26. Kg2 Qd7 27. Kg1 Rg8 28. Kh2 Bf8 29. g4 Be7 30. g5 h5 31. h4 Bd8 32. Ng3 Ne7 33. Qe2 Kg7 34. Qe3 Nf5 35. Nxf5+ exf5 36. Kg3 Be7 37. Rb1 Rc8 38. Nf1 Rff8 39. Qc1 Kf7 40. Ne3 a6 41. Rc2 b5 42. Re2 Kg7 43. Rc2 Rc7 44. Re2 Rb8 45. Rc2 Qc6 46. Ra1 a5 47. Kf2 Rcb7 48. Qd2 Kf7 49. Nd1 Ke6 50. Ke3 Ra7 51. Rcc1 Qb6 52. Qc2 Rba8 53. a4 b4 54. Rcb1 Rc8 55. Qd2 Qa6 56. Ra2 Rb7 57. Raa1 Rcb8 58. Qc2 Bf8 59. Kd2 Rb6 60. Kc1 Qb7 61. Qd2 bxc3 62. Nxc3 Rb3 63. Kc2 Rxb2+ 0-1